[Event "FICGS class F 000097 email"]
[Site "FICGS email"]
[Date "2011.05.25"]
[Round "1"]
[White "Henrion, Gustave"]
[Black "Cavaille, Cedric"]
[Result "1-0"]
[WhiteElo "1119"]
[BlackElo "942"]
[PlyCount "95"]
[EventDate "2011.??.??"]
[EventType "tourn (corr)"]
[EventRounds "6"]
[SourceTitle "Corr 2013"]
[Source "ChessBase"]
[SourceDate "2012.11.12"]
[SourceVersion "1"]
[SourceVersionDate "2012.11.12"]
[SourceQuality "1"]

1. f4 d5 2. Nf3 e6 3. e3 Nf6 4. b3 c5 5. Bb2 Be7 6. Be2 0-0 7. 0-0 Nc6 8. Bb5 a6 9. Bxc6 bxc6 10. Ne5 Qc7 11. c4 dxc4 12. Nxc4 a5 13. Nc3 Nd5 14. e4 Nxc3 15. Bxc3 a4 16. e5 axb3 17. axb3 Rxa1 18. Qxa1 Qb7 19. Qb2 f6 20. exf6 Bxf6 21. Bxf6 gxf6 22. Nd6 Qd7 23. Nxc8 Qxc8 24. Re1 f5 25. Qc3 Qb7 26. Qxc5 Rd8 27. d4 Re8 28. b4 Kg7 29. Re3 Rb8 30. Rxe6 Qxb4 31. Rxc6 Qxc5 32. Rxc5 Rb1+ 33. Kf2 Rb2+ 34. Kg3 Rb3+ 35. Kh4 Kg6 36. g3 Rb8 37. Rc6+ Kg7 38. Kg5 Rg8 39. Rc7+ Kh8+ 40. Kxf5 Rd8 41. Kf6 Rf8+ 42. Rf7 Rxf7+ 43. Kxf7 h6 44. d5 Kh7 45. d6 h5 46. d7 Kh6 47. d8Q h4 48. Qxh4# 1-0

[Event "FICGS rapid E 000055 email"]
[Site "FICGS email"]
[Date "2011.05.25"]
[Round "1"]
[White "Jerez, Miriam"]
[Black "Henrion, Gustave"]
[Result "0-1"]
[WhiteElo "864"]
[BlackElo "1119"]
[PlyCount "52"]
[EventDate "2011.??.??"]
[EventType "tourn (rapid)"]
[EventRounds "5"]
[SourceTitle "Corr 2013"]
[Source "ChessBase"]
[SourceDate "2012.11.12"]
[SourceVersion "1"]
[SourceVersionDate "2012.11.12"]
[SourceQuality "1"]

1. e4 c5 2. Na3 e6 3. Nf3 Nf6 4. d4 cxd4 5. Nxd4 Bxa3 6. bxa3 Nxe4 7. Bd3 Nc3 8. Qd2 Nd5 9. 0-0 0-0 10. Bb2 Nc6 11. Nxc6 dxc6 12. c4 Ne7 13. Qc3 f6 14. Qc2 g6 15. Rad1 Qc7 16. Rfe1 e5 17. a4 Bf5 18. Bxf5 Nxf5 19. h3 Rad8 20. Rxd8 Rxd8 21. Ba3 b6 22. g3 c5 23. Bc1 Qc6 24. Rd1 Rxd1+ 25. Qxd1 Nd4 26. Kf1 Qh1# 0-1

[Event "FICGS rapid E 000045 email"]
[Site "FICGS email"]
[Date "2011.01.30"]
[Round "1"]
[White "Geguchadze, Alexander"]
[Black "Henrion, Gustave"]
[Result "1-0"]
[WhiteElo "1134"]
[BlackElo "1094"]
[PlyCount "39"]
[EventDate "2011.??.??"]
[EventType "tourn (rapid)"]
[EventRounds "6"]
[SourceTitle "Corr 2013"]
[Source "ChessBase"]
[SourceDate "2012.11.12"]
[SourceVersion "1"]
[SourceVersionDate "2012.11.12"]
[SourceQuality "1"]

1. e4 e5 2. Nf3 Nc6 3. d4 d6 4. dxe5 Nxe5 5. Nxe5 dxe5 6. Qxd8+ Kxd8 7. Bc4 f6 8. Be3 Bd6 9. Nc3 Ne7 10. 0-0-0 a6 11. Bc5 Kd7 12. Rd3 b6 13. Bxd6 cxd6 14. Rhd1 Bb7 15. Rxd6+ Kc7 16. Rd7+ Kc6 17. R1d6+ Kc5 18. Na4+ Kxc4 19. Rxb6 Bxe4 20. b3# 1-0

[Event "FICGS rapid E 000045 email"]
[Site "FICGS email"]
[Date "2011.01.30"]
[Round "1"]
[White "Henrion, Gustave"]
[Black "Toro, Simone"]
[Result "1-0"]
[WhiteElo "1094"]
[BlackElo "1138"]
[PlyCount "63"]
[EventDate "2011.??.??"]
[EventType "tourn (rapid)"]
[EventRounds "6"]
[SourceTitle "Corr 2013"]
[Source "ChessBase"]
[SourceDate "2012.11.12"]
[SourceVersion "1"]
[SourceVersionDate "2012.11.12"]
[SourceQuality "1"]

1. f4 d5 2. Nf3 Bf5 3. e3 Nc6 4. b3 Nb4 5. d3 e6 6. Bb2 Be7 7. a3 Nc6 8. Bxg7 Bf6 9. Bxh8 Bxa1 10. c3 Nf6 11. d4 Qe7 12. Bxf6 Qxf6 13. Bd3 0-0-0 14. 0-0 Rg8 15. g3 Qg6 16. Nh4 Qg4 17. Nxf5 exf5 18. Qd2 Ne7 19. Qa2 Ng6 20. Qxa1 Qh3 21. Nd2 Nh4 22. Rf2 Ng6 23. Qb1 Ne7 24. c4 dxc4 25. bxc4 Rg7 26. Nf3 f6 27. d5 Kb8 28. c5 Nxd5 29. Bxf5 Qh6 30. Qe4 Ne7 31. Nd4 Rg8 32. Qxe7 1-0

[Event "FICGS rapid E 000042 email"]
[Site "FICGS email"]
[Date "2010.12.30"]
[Round "1"]
[White "Quanter, Kirsty"]
[Black "Henrion, Gustave"]
[Result "1-0"]
[WhiteElo "1106"]
[BlackElo "1257"]
[PlyCount "69"]
[EventDate "2010.??.??"]
[EventType "tourn (rapid)"]
[EventRounds "6"]
[SourceTitle "Corr 2013"]
[Source "ChessBase"]
[SourceDate "2012.11.12"]
[SourceVersion "1"]
[SourceVersionDate "2012.11.12"]
[SourceQuality "1"]

1. e4 e5 2. d4 exd4 3. Qxd4 Nc6 4. Qa4 d6 5. Nf3 Bd7 6. Qb3 b6 7. Bb5 a6 8. Bxc6 Bxc6 9. 0-0 Be7 10. Nc3 Nf6 11. e5 Bxf3 12. exf6 Bxf6 13. gxf3 0-0 14. Re1 Re8 15. Bf4 Qd7 16. Nd5 Bh4 17. Qc4 Qf5 18. Nxc7 Rxe1+ 19. Rxe1 Rc8 20. Qxa6 Rd8 21. Qb5 g6 22. Qxf5 gxf5 23. Re8+ Rxe8 24. Nxe8 d5 25. a4 Be7 26. Nc7 d4 27. Nd5 Bc5 28. Bc7 Kf8 29. Bxb6 Bxb6 30. Nxb6 Ke7 31. a5 Kd8 32. a6 Kc7 33. a7 Kb7 34. a8Q+ Kxb6 35. Qd5 1-0

[Event "FICGS rapid E 000039 email"]
[Site "FICGS email"]
[Date "2010.11.25"]
[Round "1"]
[White "Cavaille, Cedric"]
[Black "Henrion, Gustave"]
[Result "0-1"]
[WhiteElo "1200"]
[BlackElo "1257"]
[PlyCount "92"]
[EventDate "2010.??.??"]
[EventType "tourn (rapid)"]
[EventRounds "6"]
[SourceTitle "Corr 2013"]
[Source "ChessBase"]
[SourceDate "2012.11.12"]
[SourceVersion "1"]
[SourceVersionDate "2012.11.12"]
[SourceQuality "1"]

1. e4 e5 2. Nf3 Nc6 3. Bc4 d6 4. d4 Nf6 5. Ng5 d5 6. exd5 Na5 7. b3 Nxc4 8. bxc4 exd4 9. Qxd4 h6 10. Ne4 Nxe4 11. Qxe4+ Qe7 12. Qxe7+ Bxe7 13. 0-0 0-0 14. Re1 Bf6 15. c3 Bf5 16. Ba3 Rfe8 17. Rxe8+ Rxe8 18. f3 Re1+ 19. Kf2 Rxb1 20. Rxb1 Bxb1 21. c5 Bxa2 22. d6 cxd6 23. cxd6 Bxc3 24. d7 Bf6 25. Bd6 Bd8 26. g4 Be6 27. Bc5 b6 28. Be3 Bxd7 29. g5 Bxg5 30. f4 Be7 31. Kf3 b5 32. Bxa7 f5 33. Kg3 b4 34. Bd4 b3 35. h4 Kf7 36. h5 Bf6 37. Bxf6 Kxf6 38. Kf3 b2 39. Ke3 b1Q 40. Kd4 Qe4+ 41. Kc5 Qxf4 42. Kb6 Qc4 43. Kb7 Qc6+ 44. Kb8 Be6 45. Ka7 Bd5 46. Kb8 Qb7# 0-1

[Event "FICGS rapid E 000039 email"]
[Site "FICGS email"]
[Date "2010.11.25"]
[Round "1"]
[White "Henrion, Gustave"]
[Black "Barradas, Anderson"]
[Result "1-0"]
[WhiteElo "1257"]
[BlackElo "1286"]
[PlyCount "59"]
[EventDate "2010.??.??"]
[EventType "tourn (rapid)"]
[EventRounds "6"]
[SourceTitle "Corr 2013"]
[Source "ChessBase"]
[SourceDate "2012.11.12"]
[SourceVersion "1"]
[SourceVersionDate "2012.11.12"]
[SourceQuality "1"]

1. c4 d5 2. e3 Nf6 3. d4 c6 4. c5 a6 5. Nc3 b5 6. Nf3 Ne4 7. Nxe4 dxe4 8. Nd2 Bf5 9. f3 exf3 10. gxf3 e6 11. e4 Bg6 12. h4 h5 13. b4 a5 14. bxa5 Qxa5 15. Kf2 Qa4 16. Qxa4 Rxa4 17. Bb2 Be7 18. a3 Bf6 19. Be2 Bxd4+ 20. Bxd4 Rxd4 21. Rhd1 0-0 22. Nb3 Rxd1 23. Rxd1 f5 24. Nd4 fxe4 25. Nxe6 Re8 26. Nf4 Kh7 27. Nxg6 Kxg6 28. fxe4 Rxe4 29. Rd6+ Kh7 30. Bd3 1-0

[Event "FICGS rapid E 000037 email"]
[Site "FICGS email"]
[Date "2010.11.03"]
[Round "1"]
[White "Quanter, Kirsty"]
[Black "Henrion, Gustave"]
[Result "1-0"]
[WhiteElo "1106"]
[BlackElo "1257"]
[PlyCount "43"]
[EventDate "2010.??.??"]
[EventType "tourn (rapid)"]
[EventRounds "5"]
[SourceTitle "Corr 2013"]
[Source "ChessBase"]
[SourceDate "2012.11.12"]
[SourceVersion "1"]
[SourceVersionDate "2012.11.12"]
[SourceQuality "1"]

1. e4 e5 2. Nf3 Nc6 3. Bb5 d6 4. c4 Bd7 5. Ba4 Nf6 6. b4 Nxe4 7. b5 Ne7 8. 0-0 a6 9. bxa6 Rxa6 10. Bxd7+ Qxd7 11. Re1 Nf6 12. d4 e4 13. Nfd2 d5 14. Nc3 c6 15. f3 exf3 16. Nxf3 g6 17. Ne5 Qc7 18. Bg5 Bg7 19. Qf3 Nfg8 20. Qxf7+ Kd8 21. Qxg7 dxc4 22. Qf8# 1-0

[Event "FICGS class E 000128 email"]
[Site "FICGS email"]
[Date "2010.09.07"]
[Round "1"]
[White "Henrion, Gustave"]
[Black "Bizet, Patrick"]
[Result "0-1"]
[WhiteElo "1326"]
[BlackElo "1326"]
[PlyCount "44"]
[EventDate "2010.??.??"]
[EventType "tourn (corr)"]
[EventRounds "1"]
[SourceTitle "Corr 2013"]
[Source "ChessBase"]
[SourceDate "2012.11.12"]
[SourceVersion "1"]
[SourceVersionDate "2012.11.12"]
[SourceQuality "1"]

1. c4 e5 2. Nc3 Nf6 3. e3 d5 4. d4 Nc6 5. cxd5 Nxd5 6. Qf3 Be6 7. Bb5 exd4 8. exd4 Qd7 9. Nxd5 Bxd5 10. Qe3+ Be7 11. f3 0-0 12. Ne2 Rfe8 13. 0-0 Bf6 14. Qd2 Rad8 15. b3 a6 16. Bb2 axb5 17. b4 Bc4 18. Rfe1 Bxe2 19. Rxe2 Rxe2 20. Qxe2 Nxd4 21. Rd1 Nxe2+ 22. Kf2 Qxd1 0-1

[Event "FICGS class E 000128 email"]
[Site "FICGS email"]
[Date "2010.09.07"]
[Round "1"]
[White "Kehayov, Yulian"]
[Black "Henrion, Gustave"]
[Result "1-0"]
[WhiteElo "1115"]
[BlackElo "1326"]
[PlyCount "61"]
[EventDate "2010.??.??"]
[EventType "tourn (corr)"]
[EventRounds "1"]
[SourceTitle "Corr 2013"]
[Source "ChessBase"]
[SourceDate "2012.11.12"]
[SourceVersion "1"]
[SourceVersionDate "2012.11.12"]
[SourceQuality "1"]

1. e4 e5 2. d4 exd4 3. Qxd4 d6 4. Nf3 Nc6 5. Qd1 Bg4 6. Be2 Nf6 7. 0-0 g6 8. Nc3 Bg7 9. h3 a6 10. Bg5 h6 11. Bxf6 Bxf6 12. hxg4 Bxc3 13. bxc3 Ne5 14. Nxe5 dxe5 15. Qxd8+ Rxd8 16. Rad1 f5 17. Rxd8+ Kxd8 18. Rd1+ Ke7 19. exf5 gxf5 20. gxf5 Rf8 21. Bf3 b6 22. g4 c5 23. c4 a5 24. a4 Rg8 25. Kf1 e4 26. Re1 Kf6 27. Rxe4 h5 28. gxh5 Kxf5 29. Rg4 Rxg4 30. Bxg4+ Kxg4 31. h6 1-0

[Event "FICGS class E 000128 email"]
[Site "FICGS email"]
[Date "2010.09.07"]
[Round "1"]
[White "Stoyanov, Zdravko"]
[Black "Henrion, Gustave"]
[Result "1-0"]
[WhiteElo "1263"]
[BlackElo "1326"]
[PlyCount "139"]
[EventDate "2010.??.??"]
[EventType "tourn (corr)"]
[EventRounds "1"]
[SourceTitle "Corr 2013"]
[Source "ChessBase"]
[SourceDate "2012.11.12"]
[SourceVersion "1"]
[SourceVersionDate "2012.11.12"]
[SourceQuality "1"]

1. e4 c5 2. Nf3 Nc6 3. Bb5 d6 4. Bxc6+ bxc6 5. h3 e5 6. d3 Nf6 7. 0-0 g6 8. Bg5 Bg7 9. Re1 0-0 10. Nbd2 a5 11. c4 Qd7 12. Kh2 Re8 13. Qc1 h5 14. Nb3 a4 15. Nbd2 Ba6 16. b3 axb3 17. axb3 Nh7 18. Qb2 Nxg5 19. Nxg5 d5 20. b4 Bh6 21. Ngf3 cxb4 22. Nxe5 Qd6 23. Ndf3 Bg7 24. Ra4 Bxe5+ 25. Nxe5 Rxe5 26. Rxb4 Ree8+ 27. e5 Qc7 28. f4 Rab8 29. Rb1 dxc4 30. Rxb8 Rxb8 31. Qxb8+ Qxb8 32. Rxb8+ Kg7 33. d4 Bb5 34. Rb7 Kf8 35. Rb8+ Ke7 36. Ra8 Ke6 37. Rf8 c3 38. Ra8 Kd5 39. Rd8+ Ke4 40. Ra8 c2 41. Ra1 Kxf4 42. g3+ Ke4 43. Kg2 Kxd4 44. Kf2 Kd3 45. Ke1 g5 46. Ra3+ Ke4 47. Kd2 Kxe5 48. Kxc2 Ke4 49. Kd2 f5 50. Re3+ Kd4 51. Re7 g4 52. hxg4 hxg4 53. Re1 Bd3 54. Re6 c5 55. Rd6+ Ke4 56. Rxd3 c4 57. Re3+ Kd4 58. Re1 c3+ 59. Kc2 Kc4 60. Re5 f4 61. gxf4 Kd4 62. Re2 g3 63. f5 g2 64. Rxg2 Ke5 65. Rf2 Kf6 66. Kxc3 Kf7 67. Kd4 Kf6 68. Ke4 Kf7 69. Ke5 Kf8 70. Ke6 1-0

[Event "FICGS rapid D 000045 email"]
[Site "FICGS email"]
[Date "2010.08.24"]
[Round "1"]
[White "Colarina, Floram"]
[Black "Henrion, Gustave"]
[Result "0-1"]
[WhiteElo "1464"]
[BlackElo "1365"]
[PlyCount "24"]
[EventDate "2010.??.??"]
[EventType "tourn (rapid)"]
[EventRounds "5"]
[SourceTitle "Corr 2013"]
[Source "ChessBase"]
[SourceDate "2012.11.12"]
[SourceVersion "1"]
[SourceVersionDate "2012.11.12"]
[SourceQuality "1"]

1. c4 g6 2. Nc3 Bg7 3. d4 d6 4. Nf3 e6 5. Bg5 Bf6 6. Ne4 Bxg5 7. Nfxg5 d5 8. cxd5 f5 9. Qb3 exd5 10. Nc5 Qxg5 11. Qxd5 Ne7 12. Nxb7 Nxd5 0-1

[Event "FICGS rapid D 000045 email"]
[Site "FICGS email"]
[Date "2010.08.24"]
[Round "1"]
[White "Huxtable, Simon"]
[Black "Henrion, Gustave"]
[Result "1-0"]
[WhiteElo "1450"]
[BlackElo "1365"]
[PlyCount "81"]
[EventDate "2010.??.??"]
[EventType "tourn (rapid)"]
[EventRounds "5"]
[SourceTitle "Corr 2013"]
[Source "ChessBase"]
[SourceDate "2012.11.12"]
[SourceVersion "1"]
[SourceVersionDate "2012.11.12"]
[SourceQuality "1"]

1. d4 d5 2. c4 e6 3. Nc3 Nf6 4. Bg5 Be7 5. Nf3 0-0 6. e3 h6 7. Bh4 Nc6 8. Bd3 dxc4 9. Bxc4 a6 10. 0-0 b5 11. Bd3 b4 12. Bxf6 Bxf6 13. Ne4 Bb7 14. Nc5 a5 15. Nxb7 Qd7 16. Nc5 Qc8 17. Be4 Qe8 18. Rc1 Rc8 19. Nb3 a4 20. Bxc6 Qe7 21. Bxa4 e5 22. dxe5 Bxe5 23. Nxe5 Qxe5 24. a3 bxa3 25. bxa3 Ra8 26. Nd4 Rfd8 27. Qc2 c5 28. Nb5 Rdc8 29. Ra1 c4 30. Nd4 c3 31. Bc6 Ra7 32. Qxc3 Rac7 33. Rfc1 Qd6 34. a4 g6 35. a5 h5 36. a6 Ra7 37. Nb5 Rxc6 38. Nxd6 Rxd6 39. Rcb1 Rdxa6 40. Rxa6 Rxa6 41. Qc8+ 1-0

[Event "FICGS rapid D 000042 email"]
[Site "FICGS email"]
[Date "2010.06.02"]
[Round "1"]
[White "Henrion, Gustave"]
[Black "Bester, Kazimierz"]
[Result "1-0"]
[WhiteElo "1442"]
[BlackElo "1301"]
[PlyCount "63"]
[EventDate "2010.??.??"]
[EventType "tourn (rapid)"]
[EventRounds "5"]
[SourceTitle "Corr 2013"]
[Source "ChessBase"]
[SourceDate "2012.11.12"]
[SourceVersion "1"]
[SourceVersionDate "2012.11.12"]
[SourceQuality "1"]

1. e4 c5 2. Nf3 Nc6 3. Bc4 d6 4. Ng5 Ne5 5. Qe2 e6 6. b3 Qxg5 7. g3 Nxc4 8. Qxc4 Qf6 9. Nc3 a6 10. Bb2 b5 11. Qe2 b4 12. Na4 Rb8 13. Bxf6 gxf6 14. 0-0 Bg7 15. f4 f5 16. Rad1 Bd4+ 17. Kg2 h5 18. h4 fxe4 19. c3 Bf6 20. Kh2 e5 21. fxe5 Bxe5 22. cxb4 Bg4 23. Qxe4 Rxb4 24. Qc6+ Ke7 25. Rde1 f6 26. Nxc5 dxc5 27. Qxc5+ Kf7 28. Qxb4 Be6 29. Rxe5 Nh6 30. Qb7+ Kg6 31. Rxe6 Ng4+ 32. Kg1 1-0

[Event "FICGS rapid D 000042 email"]
[Site "FICGS email"]
[Date "2010.06.02"]
[Round "1"]
[White "Henrion, Gustave"]
[Black "Biason, Adriano"]
[Result "0-1"]
[WhiteElo "1442"]
[BlackElo "1433"]
[PlyCount "56"]
[EventDate "2010.??.??"]
[EventType "tourn (rapid)"]
[EventRounds "5"]
[SourceTitle "Corr 2013"]
[Source "ChessBase"]
[SourceDate "2012.11.12"]
[SourceVersion "1"]
[SourceVersionDate "2012.11.12"]
[SourceQuality "1"]

1. c4 g6 2. Nc3 Bg7 3. d4 d6 4. Bd2 e6 5. Nf3 b6 6. b3 Bb7 7. e3 Ne7 8. Be2 Nd7 9. Rc1 a6 10. 0-0 0-0 11. d5 e5 12. e4 h6 13. h3 f5 14. Nh2 Nc5 15. f3 Nd7 16. g4 f4 17. Rf2 Bf6 18. a3 Bh4 19. Rf1 Nc8 20. Be1 Bg3 21. Kg2 Qg5 22. Rg1 Nc5 23. b4 Bxe1 24. Qxe1 Nb3 25. Rb1 Nd4 26. Kf1 Nc2 27. Qc1 Ne3+ 28. Kf2 Qh4+ 0-1

[Event "FICGS rapid D 000042 email"]
[Site "FICGS email"]
[Date "2010.06.02"]
[Round "1"]
[White "Henrion, Gustave"]
[Black "Cazeri, Jose Roque Jr"]
[Result "0-1"]
[WhiteElo "1442"]
[BlackElo "1300"]
[PlyCount "34"]
[EventDate "2010.??.??"]
[EventType "tourn (rapid)"]
[EventRounds "5"]
[SourceTitle "Corr 2013"]
[Source "ChessBase"]
[SourceDate "2012.11.12"]
[SourceVersion "1"]
[SourceVersionDate "2012.11.12"]
[SourceQuality "1"]

1. f4 d5 2. Nf3 Nf6 3. e3 c5 4. b3 Nc6 5. Bb2 e6 6. Bb5 Bd7 7. h3 Bd6 8. 0-0 0-0 9. d3 d4 10. e4 Bxf4 11. Nbd2 Be3+ 12. Kh1 Nh5 13. Bxc6 Ng3+ 14. Kh2 Qc7 15. Bxd7 Nxf1+ 16. Kh1 Qh2+ 17. Nxh2 Ng3# 0-1

[Event "FICGS rapid C 000081 email"]
[Site "FICGS email"]
[Date "2010.01.21"]
[Round "1"]
[White "Huntley, Theron"]
[Black "Henrion, Gustave"]
[Result "1-0"]
[WhiteElo "1576"]
[BlackElo "1506"]
[PlyCount "61"]
[EventDate "2010.??.??"]
[EventType "tourn (rapid)"]
[EventRounds "5"]
[SourceTitle "Corr 2013"]
[Source "ChessBase"]
[SourceDate "2012.11.12"]
[SourceVersion "1"]
[SourceVersionDate "2012.11.12"]
[SourceQuality "1"]

1. d4 Nf6 2. c4 d6 3. Nf3 g6 4. g3 Bg7 5. Bg2 e6 6. 0-0 0-0 7. Nc3 Nc6 8. e4 Re8 9. Be3 e5 10. d5 Ne7 11. Qd3 c6 12. dxc6 bxc6 13. Rad1 d5 14. cxd5 cxd5 15. Nxe5 Bg4 16. Nxg4 Nxg4 17. Bd4 Bxd4 18. Qxd4 dxe4 19. Qxe4 Qc8 20. h3 Nf6 21. Qxa8 Qxa8 22. Bxa8 Rxa8 23. Rfe1 Kf8 24. Rd6 Ne8 25. Rd7 Nf5 26. Ne4 a5 27. Ng5 Ned6 28. g4 h6 29. gxf5 hxg5 30. Rxd6 gxf5 31. Re5 1-0